000 00581nam a22002177a 4500
999 _c4766
_d4766
003 AR-CdUCM
008 190311b ||||| |||| 00| 0 spa d
040 _aMUNICIPALIDAD PROVINCIAL DEL CUSCO
_cBIBLIOTECA MUNICIPAL DEL CUSCO
041 _heng
082 _a813 /
_bV25
100 _aVan Doren, Mark
_912042
245 _aSelección de cuentos /
260 _aBuenos Aires :
_bPleamar,
_c1976.
300 _a261 páginas ;
_c22 cm.
500 _aNovela
650 _aNovela
_95
650 _aLiteratura
_983
650 _aCuentos
_9217
942 _2ddc
_cLIBROS
945 _admma